| 000 | 02897nam a2200445 i 4500 | ||
|---|---|---|---|
| 001 | 194652 | ||
| 003 | SpMaBN | ||
| 005 | 20260526140146.0 | ||
| 007 | ta | ||
| 008 | 240510s2015 sp | |||| 000 f spa | ||
| 017 |
_aB 27043-2015 _bOficina Depósito Legal Barcelona |
||
| 020 | _a9788433977939 | ||
| 035 | _a(OCoLC)943664600 | ||
| 035 | _aa5747695 | ||
| 040 |
_aSpMaBN _bspa _cSpMaBN _erdc _dES-MaACL |
||
| 080 | _a821.133.1(493)-31"19" | ||
| 100 |
_aNothomb, Amélie, _d1967- _0XX1162968 _9235607 _eaut |
||
| 245 | 1 | 3 |
_aEl sabotaje amoroso / _cAmélie Nothomb ; traducción de Sergi Pàmies. |
| 250 | _aSexta edición en "Compactos": enero 2023. | ||
| 260 |
_aBarcelona : _bAnagrama, _c2023. |
||
| 300 |
_a159 páginas ; _c21 cm |
||
| 336 |
_aTexto (visual) _2isbdcontent |
||
| 337 |
_asin mediación _2isbdmedia |
||
| 338 |
_2rdacarrier _avolumen |
||
| 490 | 1 |
_aColección Compactos _v689 |
|
| 500 | _aCatalogación provisional. N-9968. Depósito J | ||
| 500 | _aTraducción de: Le sabotage amoureux | ||
| 520 | _aEl sabotaje amoroso fue la segunda novela de Amélie Nothomb, inmediatamente posterior a su sorprendente y recordado debut con Higiene del asesino. Con este libro volvió a demostrar por qué uno de los más sugestivos fenómenos literarios y editoriales europeos de los últimos años lleva el nombre de Amélie Nothomb. No es sólo el extraño caso de una escritora jovencísima que alcanza una enorme madurez expresiva y formal, sino que esa misma posición le permite conectar con las inquietudes propias de su tiempo y plasmarlas en ficciones contundentes, tan lejos de lo insustancial como de lo solemne, de la ingenuidad como del academicismo. Nothomb tiene dos vertientes esenciales en su obra: las ficciones puras, como Higiene del asesino y Cosmética del enemigo, recién publicada en esta colección, y las de tema autobiográfico, como su extraordinaria Estupor y temblores, de la que sólo en Francia vendió más de medio millón de ejemplares. Si en ésta Nothomb reconstruía su dura y fascinante experiencia en Japón durante su juventud, y en Metafísica de los tubos su singular autobiografía hasta los tres años en el mismo país, en El sabotaje amoroso recoge las no menos conmovedoras vivencias de su infancia posterior en China. | ||
| 650 | 0 |
_aNovela japonesa- _ys. XX _9236322 |
|
| 655 | 0 |
_aNovelas _9234319 |
|
| 700 | 1 |
_aPamies, Sergio, _d1983- _etrl _9131444 |
|
| 830 |
_aColección Compactos ; _9236323 _v689 |
||
| 852 |
_aES-MaACL _bR.155109 _cDEPOJ _jN-9968 _9202285 _zEn proceso _xEncuadernación rústica |
||
| 942 |
_n0 _cMONOGRAFIA |
||
| 999 |
_c194652 _d194652 |
||